1151 1420 1429 1286 1018 1554 1412 1550 1633 1491 1582 1790 1733 1982 1510 1200 1686 1764 1108 1583 1146 1006 1994 1211 1704 1127 1027 1931 1502 1089 1346 1673 1910 1147 1486 1145 1868 1191 1710 1487 1104 1699 1531 1892 1540 1045 1272 1918 1153 1200 1796 1272 1499 1524 1866 1622 1625 1102 1950 1190 1976 1375 1954 1430 1358 1747 1977 1818 1481 1684 1352 1317 1627 1134 1413 1065 1560 1637 1734 1620 1697 1246 1385 1149 1404 1213 1139 1735 1950 1342 1193 1752 1849 1266 1456 1675 1253 1826 1985 BCNSPRNW ULIB Ver.6.0+V

เปลี่ยนเป็นภาษาไทย

Change to English
 แสดงรายละเอียดบรรณานุกรม
  กลับหน้าหลัก

Brief Record : Get Marc (ISO 2709) : E-mail record : QR code < ปิดหน้าต่าง
LEADER : 00000nam 2200000uu 4500
001    13399124299
003     ULIB
008    150220s2557||||th 000 0 tha d
020    ^a9786162711831
060 04 ^aWQ15^bฐ341ค
100 0  ^aฐิติพร อิงคถาวรวงศ์
245 00 ^aคำศัพท์สูติศาสตร์ /^cฐิติพร อิงคถาวรวงศ์
260    ^aสงขลา :^bภาควิชาการพยาบาลสูติศาสตร์ มหาวิทยาลัยสงขลาสงขลานครินทร์,^c2557
300    ^a127 หน้า ;^c19 ซม.
650  4 ^aสูติศาสตร์^xคำศัพท์
650  4 ^aคำศัพท์
710 2  ^aมหาวิทยาลัยสงขลานครินทร์, bภาควิชาการพยาบาลสูติศาสตร์
945    ^p100^l0^i22896
945    ^p100^l0^i22897
945    ^p100^l0^i22898
999    ^aทศพร เกษรทอง
รายการนี้ยังไม่มีแท็ก
คุณยังไม่ได้ล็อกอิน คุณสามารถมีกิจกรรมร่วมกับเว็บไซต์ได้ แต่ต้องล็อกอินก่อน ::
  ล็อกอิน

รายการสื่อสารสนเทศ

ลำดับที่ ประเภท เลขเรียก/บาร์โค้ด สถานที่ สถานะ
1. วิทยาศาสตร์การแพทย์ และสุขภาพ
วิทยาศาสตร์การแพทย์ และสุขภาพ
สถานะ=หนังสือเก่า
WQ15 ฐ341ค ฉ.1 
  Barcode: 22896
ห้องสมุดวิทยาเขตนครสวรรค์
►ส่วนจัดเก็บหนังสือเก่า นว.
บนชั้น
  ขอยืม
2. วิทยาศาสตร์การแพทย์ และสุขภาพ
วิทยาศาสตร์การแพทย์ และสุขภาพ
สถานะ=หนังสือเก่า
WQ15 ฐ341ค ฉ.2 
  Barcode: 22897
ห้องสมุดวิทยาเขตนครสวรรค์
►ส่วนจัดเก็บหนังสือเก่า นว.
บนชั้น
  ขอยืม
3. วิทยาศาสตร์การแพทย์ และสุขภาพ
วิทยาศาสตร์การแพทย์ และสุขภาพ
สถานะ=หนังสือเก่า
WQ15 ฐ341ค ฉ.3 
  Barcode: 22898
ห้องสมุดวิทยาเขตนครสวรรค์
►ส่วนจัดเก็บหนังสือเก่า นว.
บนชั้น
  ขอยืม

รายการใกล้เคียง
    ผู้แต่ง [ฐิติพร อิงคถาวรวงศ์]

    หัวเรื่อง [คำศัพท์]

BibComment


ยังไม่เคยถูกคอมเมนท์

คอมเมนท์ทรัพยากรรายการนี้
  คอมเมนท์: คำศัพท์สูติศาสตร..


 Copyright 2026. Bcnsprnw @Library